đź“–150 premiers mots "L'amant de Lady Chatterley" D.H. Lawrence - Statistiques

Statistiques générales
  • Ce quiz a Ă©tĂ© pris 6 fois
  • Le rĂ©sultat moyen est 83 sur 150
Statistiques - réponses
Mots % Correct
Ă 
100%
Angleterre.
100%
au
100%
C'
100%
Chatterley.
100%
Chatterley
100%
Clifford
100%
Constance
100%
d'
100%
de
100%
est
100%
et
100%
Flandres -
100%
il
100%
Ils
100%
l'
100%
l' ...
100%
la
100%
La
100%
qu'
100%
s'
100%
Cette
83%
dans
83%
elle
83%
Elle
83%
était
83%
Le
83%
le
83%
les
83%
moins
83%
ou
83%
pour
83%
sa
83%
un
83%
une
83%
avaient
67%
avait
67%
en
67%
plus
67%
sur
67%
tout.
67%
1917
50%
épousé
50%
ĂŞtre
50%
eu
50%
fait
50%
grand-
50%
lors
50%
mois
50%
nous
50%
tard
50%
alors
33%
Alors
33%
faut
33%
guerre
33%
peine.
33%
permission
33%
petites
33%
petits
33%
Puis
33%
six
33%
vivre
33%
écrouler
17%
époque,
17%
fallait
17%
lune
17%
passée
17%
point
17%
prendre
17%
retourné
17%
adapter.
0%
assez
0%
avenir.
0%
cataclysme
0%
ciel
0%
commençons
0%
compte
0%
concevoir
0%
contournons
0%
escaladons
0%
espérances.
0%
essentiellement
0%
logis,
0%
malgré
0%
miel.
0%
nĂ´tre,
0%
obstacles
0%
parmi
0%
plane
0%
rapatrié
0%
reconstruire
0%
refusons
0%
rendu
0%
retrouvons
0%
route
0%
rude :
0%
ruines
0%
tâche
0%
tĂŞte -
0%
toit
0%
tombé ;
0%
tragique ;
0%
tragique.
0%
venu,
0%
vers
0%
vue
0%
Aucun quiz correspondant
Distribution des résultats
% des personnes avec chaque résultat
Percentile par nombre de réponses
Votre historique - résultats
Vous n’avez pas pris ce quiz